000 004860000a22001810004500
003 MACL
005 20160309120744.0
008 160309b xxu||||| |||| 00| 0 eng d
040 _aMACL
_cMACL
041 _aHindi
082 _a891.433
100 _aशर्मा विजय
_943980
245 _aदाे और एक
260 _bचिन्‍मय प्रकाशन
_c1972
_aजयपुर
350 _a5
650 _aNovel
_943981
942 _cHIN
_k891.433
_2ddc
999 _c26846
_d26846